Zmena životného minima

Sumy životného minima k 1.7.2021. Daňové parametre pri zdaňovaní príjmov zo závislej činnosti pre rok 2022. Hranica zdaniteľnej mzdy pri progresívnom zdanení. Daňový bonus na vyživované dieťa a daňový bonus na zaplatené úroky z úverov na bývanie. Predčasný starobný dôchodok a výška minimálneho dôcho...

Descrizione completa

Salvato in:
Dettagli Bibliografici
Autore principale: Matlovičová, Iveta
Natura: Capitolo di libro
Lingua:slovacco
Soggetti:
Tags: Aggiungi Tag
Nessun Tag, puoi essere il primo ad aggiungerne!!

MARC

LEADER 00000naa a2200000 4500
001 0278620
005 20210921124808.4
041 0 |a slo 
044 |a SK 
245 1 0 |a Zmena životného minima  |c Iveta Matlovičová 
520 |a Sumy životného minima k 1.7.2021. Daňové parametre pri zdaňovaní príjmov zo závislej činnosti pre rok 2022. Hranica zdaniteľnej mzdy pri progresívnom zdanení. Daňový bonus na vyživované dieťa a daňový bonus na zaplatené úroky z úverov na bývanie. Predčasný starobný dôchodok a výška minimálneho dôchodku. Štátne sociálne dávky. 
610 2 0 |a minimum existenčné 
610 2 0 |a dávky sociálne 
610 2 0 |a dôchodky starobné 
610 2 0 |a príspevok rodičovský 
610 2 0 |a úľavy daňové 
610 2 0 |a zdaňovanie 
610 2 0 |a legislatíva 
100 1 |a Matlovičová, Iveta